000
00308nam a22001097a 4500
008
210716b ||||| |||| 00| 0 eng d
082
_a
658.4 STR
245
_a
Strategy + business :
_b
How to build trust while cutting costs
260
_a
London :
_b
Chicago Booth,
_c
2017.
300
_a
88 p.
_c
27 cm.
942
_2
ddc
999
_c
8784
_d
8785